Student knowledge of information mandated by the 1989 amendments to the drug free schools and communities act (Registro nro. 77457)
[ vista simple ]
| 000 -CABECERA | |
|---|---|
| campo de control de longitud fija | 00761nam a2200265 a 4500 |
| 005 - FECHA Y HORA DE LA ÚLTIMA TRANSACCIÓN | |
| campo de control | 20210219153447.0 |
| 008 - ELEMENTOS DE LONGITUD FIJA--INFORMACIÓN GENERAL | |
| campo de control de longitud fija | 991125n 000 0 u |
| 035 ## - NÚMERO DE CONTROL DEL SISTEMA | |
| Número de control de sistema | UPN01000101121 |
| 100 1# - ASIENTO PRINCIPAL--NOMBRE PERSONAL | |
| Nombre de persona | Palmer, Carolyn J |
| 222 ## - TÍTULO CLAVE | |
| Título clave | NASPA JOURNAL |
| 245 ## - MENCIÓN DE TÍTULO | |
| Título | Student knowledge of information mandated by the 1989 amendments to the drug free schools and communities act |
| 300 ## - DESCRIPCIÓN FÍSICA | |
| Extensión | 30-38 |
| 362 0# - FECHAS DE PUBLICACIÓN Y/O DESIGNACIÓN SECUENCIAL | |
| Fecha de publicación y/o designación secuencial | 1992 Vol. 30, no. 1 |
| 505 ## - NOTA DE CONTENIDO CON FORMATO PREESTABLECIDO | |
| Nota de contenido con formato | Marzo 1993 |
| 653 0# - TERMINO DE INDIZACION - NO CONTROLADO | |
| Término no controlado | ACTITUDES DEL ESTUDIANTE |
| 653 0# - TERMINO DE INDIZACION - NO CONTROLADO | |
| Término no controlado | LEGISLACION FEDERAL |
| 653 0# - TERMINO DE INDIZACION - NO CONTROLADO | |
| Término no controlado | NIVEL DE CONOCIMIENTOS |
| 653 0# - TERMINO DE INDIZACION - NO CONTROLADO | |
| Término no controlado | USO DE DROGAS |
| 700 1# - ASIENTO SECUNDARIO--NOMBRE DE PERSONAL | |
| Nombre de persona | Gehring, Donald D., |
| 700 1# - ASIENTO SECUNDARIO--NOMBRE DE PERSONAL | |
| Término indicativo de función/relación | coaut. |
| 700 1# - ASIENTO SECUNDARIO--NOMBRE DE PERSONAL | |
| Nombre de persona | Guthrie, Victoria L., |
| 700 1# - ASIENTO SECUNDARIO--NOMBRE DE PERSONAL | |
| Término indicativo de función/relación | coaut. |
| 904 ## - ELEMENTOS DE DATOS D LOCAL, LDD (RLIN) | |
| a | AC |
| b | 038932 |
| 905 ## - TIPO DE MATERIAL | |
| Tipo de material | Articulo |
No hay ítems disponibles.